[Event "ch-FRA w 2013"]
[Site "Nancy FRA"]
[Date "2013.08.17"]
[Round "6.6"]
[White "Navrotescu,A"]
[Black "Choisy,M"]
[Result "1/2-1/2"]
[WhiteElo "2110"]
[BlackElo "2150"]

1.d4 g6 2.c4 Bg7 3.Nf3 d6 4.g3 Nf6 5.Bg2 O-O 6.O-O Nc6 7.Nc3 Bf5 8.Bf4 Ne4
9.Qc1 Nxc3 10.bxc3 Na5 11.c5 Be4 12.Qa3 b6 13.cxd6 cxd6 14.Rac1 Nc4 15.Qa4 Qc7
16.Nd2 Nxd2 17.Bxd2 Bxg2 18.Kxg2 a6 19.e4 Rfc8 20.f4 b5 21.Qb3 Qc4 22.Qxc4 Rxc4
23.Rfe1 Rac8 24.a3 Ra4 25.Ra1 Rcc4 26.Kf3 e6 27.Reb1 Bf8 28.Rb4 d5 29.Rxc4 dxe4+
30.Kxe4 Rxc4 31.Kd3 Ra4 32.Bc1 Bd6 33.Kc2 Kf8 34.Kb3 Ke7 35.Ra2 Kd7 36.Rc2 Rc4
37.Ra2 Ra4 38.Rc2 Rc4 39.Ra2 Kc6 40.a4 Kb6 41.axb5 axb5 42.Ba3 Bxa3 43.Rxa3 Rc8
44.g4 h5 45.g5 Rd8 46.Kc2 Rd5 47.Kd3 Rf5 48.Ke4 Kb7 49.c4 bxc4 50.Rc3 Kc7
51.Rxc4+ Kd6 52.Rc5 Rd5 53.h4 Rf5 54.Rc8 Ra5 55.Rc5 Ra1 56.Rb5 Re1+ 57.Kf3 Rf1+
58.Ke3 Ke7 59.Rb7+ Kf8 60.Ke4 Kg7 61.Ke5 Rh1 62.d5 exd5 63.f5 gxf5 64.Rb4 Rg1
65.Kxf5 Rf1+ 66.Ke5 Rg1 67.Kxd5 Rd1+ 68.Ke5 Re1+ 69.Re4 Rf1 70.Rf4 Re1+ 71.Re4 Rf1
72.Rf4  1/2-1/2

[Event "3rd Split Open 2013"]
[Site "Split CRO"]
[Date "2013.08.18"]
[Round "9.4"]
[White "Martinovic,Sa"]
[Black "Bosiocic,Mari"]
[Result "0-1"]
[WhiteElo "2526"]
[BlackElo "2563"]

1.d4 Nf6 2.c4 g6 3.Nf3 Bg7 4.g3 O-O 5.Bg2 d6 6.Nc3 Nbd7 7.O-O e5 8.e4 a6
9.dxe5 dxe5 10.Qc2 c6 11.h3 Re8 12.Be3 Bf8 13.Rfd1 Qc7 14.a3 a5 15.Na4 b6
16.Rac1 Nc5 17.Nxc5 Bxc5 18.Bxc5 bxc5 19.Ne1 Be6 20.Nd3 Nd7 21.f4 f6 22.Qf2 Rab8
23.f5 Bf7 24.Nxc5 Nxc5 25.Qxc5 Rxb2 26.Rd6 Qb8 27.Rf1 Qb3 28.fxg6 hxg6 29.Rdxf6 Qxg3
30.R1f2 Rb1+ 31.Rf1 Rb2 32.R1f2 Rxf2 33.Qxf2 Qxf2+ 34.Kxf2 Rb8 35.Rxc6 Rb2+
36.Kg1 Ra2 37.Rc5 Rxa3 38.Rxe5 Bxc4 39.Rc5 Be6 40.e5 a4 41.h4 Rd3 42.Rc6 Kf7
43.Be4 Rd1+ 44.Kf2 a3 45.Bxg6+ Ke7 46.Bc2 a2  0-1

[Event "88th ch-FRA 2013"]
[Site "Nancy FRA"]
[Date "2013.08.20"]
[Round "9.1"]
[White "Tkachiev,V"]
[Black "Degraeve,JM"]
[Result "1/2-1/2"]
[WhiteElo "2637"]
[BlackElo "2563"]

1.d4 Nf6 2.c4 g6 3.Nf3 Bg7 4.g3 O-O 5.Bg2 d6 6.O-O Nbd7 7.Nc3 e5 8.b3 Re8
9.e4 exd4 10.Nxd4 Nc5 11.f3 c6 12.Re1 Qa5 13.Bd2 Nfd7 14.Nce2 Qb6 15.Bc3 Ne5
16.Kh1 a5 17.Rb1 a4 18.Qc2 axb3 19.axb3 Ned3 20.Rf1 Nb4 21.Qd2 Ra2 22.Rb2 Rxb2
23.Bxb2 Nba6 24.Nc1 Nc7 25.Bc3 N7e6 26.Nxe6 Bxe6 27.Bxg7 Kxg7 28.Rd1 f6 29.Qc3 Rd8
30.f4 Qc7 31.h3 Qe7 32.g4 h6 33.Ne2 Bf7 34.Ng3 Ne6 35.Rf1 c5 36.e5 Nd4 37.exf6+ Qxf6
38.Ne4 Qe7 39.Qg3 Kh8 40.f5 gxf5 41.gxf5 d5 42.Qf4 Kh7 43.f6 Qf8 44.Ng3 Qd6
45.Qxd6 Rxd6 46.cxd5 Kg8 47.b4 cxb4 48.Rd1 Bxd5 49.Bxd5+ Rxd5 50.Ne2 b3 51.Nxd4 Kf7
52.Kg2 b2 53.Rb1  1/2-1/2

[Event "9th BDO Premier"]
[Site "Haarlem NED"]
[Date "2013.08.21"]
[Round "5.2"]
[White "L'Ami,E"]
[Black "Kanarek,M"]
[Result "1-0"]
[WhiteElo "2626"]
[BlackElo "2463"]

1.d4 Nf6 2.c4 g6 3.Nf3 Bg7 4.g3 O-O 5.Bg2 d6 6.Nc3 Nc6 7.O-O Bf5 8.Qd2 Ne4
9.Nxe4 Bxe4 10.d5 Bxf3 11.exf3 Nd4 12.f4 c5 13.dxc6 bxc6 14.Rb1 a5 15.Qd3 Rc8
16.Bd2 Qb6 17.Bc3 c5 18.h4 e6 19.Kh2 h5 20.Qd1 Rc7 21.Re1 Ra7 22.Qa4 Qc7
23.Bd2 Nf5 24.Be4 Ne7 25.Bc3 Rb8 26.Rbd1 Rd8 27.Re2 Qd7 28.Qc2 Bxc3 29.bxc3 a4
30.Red2 Qc7 31.Rb1 d5 32.Rbd1 a3 33.cxd5 exd5 34.Bxd5 Nxd5 35.Rxd5 Rxd5 36.Rxd5 Rb7
37.Qa4 Qe7 38.Re5 Ra7 39.Qc6 Qd7 40.Qxc5 Rc7 41.Qxa3 Qd2 42.Kg2 Qxc3 43.Qxc3 Rxc3
44.a4 Ra3 45.a5 f5 46.Rb5 Kg7 47.Rb7+ Kg8 48.Ra7 Kh8 49.Kf1 Ra2 50.Ke1 Kg8
51.a6 Kf8 52.Kd1 Ke8 53.Kc1 Kd8 54.Kb1 Ra5 55.Kb2 Rb5+ 56.Kc3 Rb6 57.Kd4  1-0

[Event "TCh-POR Div1 Final 2013"]
[Site "Matosinhos POR"]
[Date "2013.08.21"]
[Round "5.2"]
[White "Luch,M"]
[Black "Guimaraes,R"]
[Result "1/2-1/2"]
[WhiteElo "2432"]
[BlackElo "2142"]

1.Nf3 Nf6 2.c4 d6 3.d4 g6 4.g3 Bg7 5.Bg2 O-O 6.O-O Nbd7 7.Nc3 e5 8.e4 exd4
9.Nxd4 Re8 10.h3 a6 11.Re1 Rb8 12.Rb1 Ne5 13.b3 c5 14.Nc2 Nh5 15.g4 Nf6 16.Ne3 b5
17.f4 Nexg4 18.hxg4 Nxg4 19.Nxg4 Bxc3 20.Rf1 Bd4+ 21.Kh1 Qh4+ 22.Nh2 bxc4
23.Bd2 cxb3 24.Rxb3 Rxb3 25.Qxb3 Bf2 26.Rxf2 Qxf2 27.Qd3 Bb7 28.Qxd6 Qd4
29.Qxd4 cxd4 30.Nf3 Rxe4 31.Ne5 f6 32.Nd7 Re2 33.Bxb7 Rxd2 34.Bxa6 Kg7 35.a4 Ra2
36.Nc5 Kh6 37.Bb5 Kh5 38.Nb3 d3 39.Bxd3 Rxa4 40.f5 Ra3 41.fxg6 Rxb3 42.g7  1/2-1/2

[Event "Brasschaat Open 2013"]
[Site "Brasschaat BEL"]
[Date "2013.08.23"]
[Round "7.6"]
[White "Izsak,Gyu"]
[Black "Miesen,F"]
[Result "1/2-1/2"]
[WhiteElo "2452"]
[BlackElo "2145"]

1.Nf3 g6 2.d4 Nf6 3.c4 Bg7 4.g3 O-O 5.Bg2 d6 6.Nc3 c6 7.O-O Qa5 8.e4 Bg4
9.h3 Bxf3 10.Bxf3 Nbd7 11.Rb1 c5 12.d5 a6 13.Be2 Rab8 14.Bd2 Qc7 15.Qc2 e6
16.g4 exd5 17.g5 Ne8 18.Nxd5 Qd8 19.f4 Nc7 20.Nxc7 Qxc7 21.Rbe1 Rfe8 22.Bg4 Rbd8
23.b3 Nb8 24.Qd3 Nc6 25.h4 Re7 26.h5 Rde8 27.hxg6 hxg6 28.Bf3 Qd7 29.Bg2 Bd4+
30.Kh2 Kg7 31.Kg3 Rh8 32.Rh1 Ree8 33.Rxh8 Rxh8 34.Rh1 Rxh1 35.Bxh1 Qd8 36.Bf3 f6
37.gxf6+ Qxf6 38.Qf1 Bc3 39.Be3 Bd4 40.Bc1 Bb2 41.Bxb2 Qxb2 42.Qh3 Nd4 43.Qd7+ Kh6
44.Qc8 Nxf3 45.Kxf3 Qd4 46.Qh3+ Kg7 47.Qf1 Kf6 48.Qe1 b5 49.cxb5 axb5 50.Qh4+ Kg7
51.Qe7+ Kh6 52.Qg5+ Kh7 53.Qh4+ Kg7 54.Qe1 Kf6 55.a4 bxa4 56.bxa4 Qxa4 57.Qh4+ Kf7
58.Qh7+ Kf6  1/2-1/2

[Event "9th BDO Premier"]
[Site "Haarlem NED"]
[Date "2013.08.23"]
[Round "7.5"]
[White "Bok,B"]
[Black "Bitalzadeh,A"]
[Result "1-0"]
[WhiteElo "2527"]
[BlackElo "2423"]

1.d4 Nf6 2.c4 g6 3.Nf3 Bg7 4.g3 O-O 5.Bg2 d6 6.O-O Nc6 7.Nc3 a6 8.Bf4 Bg4
9.Rc1 Bxf3 10.Bxf3 Nd7 11.b3 Rb8 12.d5 Nce5 13.Bg2 c5 14.a4 Nf6 15.Bd2 Ne8
16.f4 Nd7 17.e4 Nc7 18.a5 e6 19.g4 exd5 20.exd5 Ne8 21.Ne2 h6 22.Ng3 Bd4+
23.Kh1 Ng7 24.Qf3 b5 25.axb6 Qxb6 26.Rb1 a5 27.Ne2 Bf6 28.Qh3 Rfe8 29.Ng3 Bd4
30.g5 Nf8 31.gxh6 Nh5 32.Nxh5 gxh5 33.Qxh5 a4 34.Rf3 Nh7 35.Bc3 Kh8 36.Bxd4+ cxd4
37.Rg3 Qb4 38.Rg1 Rg8 39.Qxf7 Rbf8 40.Be4  1-0

[Event "TCh-POR Div1 Final 2013"]
[Site "Matosinhos POR"]
[Date "2013.08.23"]
[Round "7.3"]
[White "Silva,Fl"]
[Black "Martinez Duany,L"]
[Result "0-1"]
[WhiteElo "1930"]
[BlackElo "2457"]

1.d4 Nf6 2.c4 g6 3.Nf3 Bg7 4.g3 O-O 5.Bg2 d6 6.Nc3 Nc6 7.O-O a6 8.e4 Bg4
9.h3 Bxf3 10.Bxf3 Nd7 11.Be3 e5 12.d5 Nd4 13.Bg2 c5 14.dxc6 bxc6 15.Bxd4 exd4
16.Ne2 Qb6 17.Rb1 Ne5 18.b3 d3 19.Nf4 Qd4 20.Qd2 h5 21.Rfd1 h4 22.Nxd3 hxg3
23.Nxe5 gxf2+ 24.Qxf2 Qxe5 25.Qf3 Rae8 26.Rf1 Qa5 27.Rbd1 Be5 28.Rf2 Re6
29.Kh1 c5 30.Qg4 Bd4 31.Re2 Rf6 32.Rf1 Rxf1+ 33.Bxf1 Re8 34.h4 Re5 35.Qg3 Qd8
36.Kg2 Rh5 37.Kh3 Be5 38.Qg4 Bf6 39.Qf3 Rxh4+ 40.Kg2 Bd4  0-1

[Event "TCh-SRB 1st League 2013"]
[Site "Kragujevac SRB"]
[Date "2013.08.25"]
[Round "2.2"]
[White "Blagojevic,Dr"]
[Black "Spasov,V"]
[Result "1/2-1/2"]
[WhiteElo "2529"]
[BlackElo "2573"]

1.d4 Nf6 2.c4 g6 3.Nf3 Bg7 4.g3 O-O 5.Bg2 d6 6.Nc3 Nbd7 7.O-O e5 8.e4 exd4
9.Nxd4 Nc5 10.f3 a5 11.Be3 a4 12.Rb1 Nfd7 13.b3 axb3 14.axb3 Ne5 15.Qd2 c6
16.Rfd1  1/2-1/2

[Event "TCh-POR Div1 Final 2013"]
[Site "Matosinhos POR"]
[Date "2013.08.25"]
[Round "9.4"]
[White "Dias,P"]
[Black "Guimaraes,R"]
[Result "1-0"]
[WhiteElo "2427"]
[BlackElo "2142"]

1.Nf3 Nf6 2.d4 g6 3.c4 Bg7 4.g3 O-O 5.Bg2 d6 6.O-O Nbd7 7.Nc3 e5 8.h3 Re8
9.e4 exd4 10.Nxd4 a6 11.Be3 Rb8 12.a4 Nc5 13.Qc2 a5 14.Rad1 Na6 15.Rfe1 Nb4
16.Qd2 Bd7 17.f4 Re7 18.g4 Qe8 19.b3 h5 20.g5 Nh7 21.Bf2 f6 22.gxf6 Bxf6
23.Nd5 Nxd5 24.cxd5 Ra8 25.Rc1 Qc8 26.Kh2 g5 27.f5 Nf8 28.Ne6 Nxe6 29.fxe6 Be8
30.e5 dxe5 31.d6 Rg7 32.d7 Bxd7 33.exd7 Rxd7 34.Qe2 h4 35.Be4 Rg7 36.Qf3 Qf8
37.Bxb7 Rd8 38.Bd5+ Kh8 39.Bc5 Be7 40.Qxf8+ Rxf8 41.Rxe5 Bxc5 42.Rxc5 Rf2+
43.Kg1 Rb2 44.Re8+  1-0

[Event "Jastrzebskie Youth 2013"]
[Site "Ustron POL"]
[Date "2013.08.26"]
[Round "3.6"]
[White "Dobrotka,M"]
[Black "Mitskevich,Yauheniya"]
[Result "1-0"]
[WhiteElo "2222"]
[BlackElo "1559"]

1.d4 Nf6 2.c4 g6 3.g3 Bg7 4.Bg2 O-O 5.Nf3 d6 6.O-O Nbd7 7.Qc2 e5 8.Rd1 Qe7
9.Nc3 c6 10.b3 Ng4 11.h3 Nh6 12.a4 Nf5 13.dxe5 Nxe5 14.Nh2 Be6 15.Ba3 c5
16.e3 Nc6 17.Rac1 Rad8 18.Bb2 Nb4 19.Qb1 Rfe8 20.Ne4 Nh6 21.Qa1 Be5 22.Bxe5 dxe5
23.Qxe5 Rxd1+ 24.Rxd1 Rd8 25.Rxd8+ Qxd8 26.Nf6+ Kf8 27.Nxh7+ Kg8 28.Nf6+ Kf8
29.Qxc5+ Kg7 30.Ne8+ Qxe8 31.Qxb4 Qd7 32.Qxb7 Qd1+ 33.Nf1 Bf5 34.c5 Bd3 35.c6  1-0

[Event "11th Kesan Open"]
[Site "Edirne TUR"]
[Date "2013.08.29"]
[Round "5.5"]
[White "Bagaturov,G"]
[Black "Grigoriev,A"]
[Result "1-0"]
[WhiteElo "2413"]
[BlackElo "2216"]

1.d4 d6 2.Nf3 g6 3.c4 Bg7 4.g3 Nf6 5.Bg2 O-O 6.Nc3 Nbd7 7.O-O e5 8.e4 exd4
9.Nxd4 Nc5 10.h3 a5 11.Be3 Re8 12.Qc2 Nfd7 13.Rad1 c6 14.b3 Qc7 15.Rfe1 Nb6
16.Nf3 Bf8 17.Bf4 Ne6 18.Bc1 Nc5 19.Bf4 Ne6 20.Be3 Nc5 21.Nd4 Bg7 22.Kh2 Bf8
23.Re2 a4 24.Red2 axb3 25.axb3 Nbd7 26.b4 Ne6 27.Nde2 Ng7 28.Nd4 Ne6 29.Nxe6 Rxe6
30.Ne2 Re8 31.Bd4 f6 32.f4 Be7 33.Qc3 c5 34.bxc5 dxc5 35.Be3 Nb6 36.f5 g5
37.Qb3 Kf8 38.Nc3 Bd7 39.Rb1 Ra6 40.Bf1 Bd6 41.Bf2 Rea8 42.Qd1 Ba4 43.Qh5 Be5
44.Nb5 Bxb5 45.cxb5 Ra3 46.Kg2 Bxg3 47.Qh6+ Kg8 48.Qxf6 Bxf2 49.Qxg5+ Kh8
50.Kxf2 Qe5 51.Rbd1 Ra2 52.Kg1 Rg8 53.Qxg8+ Kxg8 54.Rxa2 c4 55.Rc2 Kf8 56.Rdc1 Qg3+
57.Kh1 Qf3+ 58.Bg2 Qe3 59.Rf1 Qd3 60.Rcc1 Qd4 61.f6 Kf7 62.Rcd1 Qe5 63.Rf5 Qe6
64.Rf2 c3 65.Rd3 Qc4 66.Rd1 Qxb5 67.Rc1 Qc5 68.Rf5 Qe3 69.Rc2 Qd3 70.Rc1 Qd2
71.Rff1 Qd4 72.e5 Qxe5 73.Rce1 Qb5 74.Re7+ Kf8 75.Rxb7 c2 76.Rc7 Nd5 77.Rxc2 Ne3
78.Rc8+ Kf7 79.Rc7+ Kg6 80.Be4+ Kh5 81.Rxh7+ Kg5 82.Rg7+ Kh6 83.Rfg1 Nf5
84.Rg8 Ng3+ 85.R8xg3 Qe5 86.Rg6+ Kh7 87.Rg7+  1-0

[Event "TCh-POL Ekstraliga 2013"]
[Site "Gorzow Wielkopolski POL"]
[Date "2013.08.31"]
[Round "5.4"]
[White "Gajewski,G"]
[Black "Moranda,W"]
[Result "1-0"]
[WhiteElo "2653"]
[BlackElo "2560"]

1.d4 d6 2.Nf3 Nf6 3.g3 g6 4.Bg2 Bg7 5.c4 O-O 6.Nc3 Nc6 7.O-O a6 8.h3 Rb8
9.e4 b5 10.d5 b4 11.Ne2 Na5 12.Qc2 c6 13.Ned4 Bb7 14.dxc6 Nxc6 15.Nxc6 Bxc6
16.Nd4 Ba8 17.Rd1 Qc7 18.Qe2 Nd7 19.b3 Nc5 20.Bb2 e6 21.Rab1 Rfe8 22.Nc2 Bxb2
23.Rxb2 d5 24.exd5 exd5 25.Ne3 dxc4 26.Qxc4 Bxg2 27.Kxg2 Qe5 28.Rc2 Ne4 29.Ng4 Qe6
30.Re1 Rb6 31.Qd4 h5 32.Nh6+ Kh7 33.Nxf7 Qxf7 34.Qxb6  1-0

[Event "Petersburg Summer Rapid 2013"]
[Site "St Petersburg RUS"]
[Date "2013.09.01"]
[Round "7.9"]
[White "Bukavshin,I"]
[Black "Pridorozhni,A"]
[Result "0-1"]
[WhiteElo "2539"]
[BlackElo "2516"]

1.d4 d6 2.Nf3 Nf6 3.c4 g6 4.g3 Bg7 5.Bg2 O-O 6.O-O c6 7.Nc3 Qb6 8.c5 dxc5
9.Na4 Qb5 10.Nxc5 Na6 11.Nxa6 Qxa6 12.Bf4 Bf5 13.Re1 Rfd8 14.Qb3 Qb6 15.Qa3 Bf8
16.Be5 Nd7 17.e3 f6 18.e4 Bg4 19.Bf1 fxe5 20.Ng5 e6 21.Qa4 Be7 22.h3 Bxg5
23.hxg4 Qxd4 24.Bc4 Nc5 25.Qc2 Qd2  0-1

[Event "TCh-ROU 2013"]
[Site "Mamaia ROU"]
[Date "2013.09.03"]
[Round "4.1"]
[White "Cioara,A"]
[Black "Timoshenko,G"]
[Result "0-1"]
[WhiteElo "2462"]
[BlackElo "2518"]

1.d4 Nf6 2.c4 g6 3.g3 Bg7 4.Bg2 O-O 5.Nf3 d6 6.O-O Nc6 7.Nc3 a6 8.Bf4 Rb8
9.Rc1 Bd7 10.Qd2 b5 11.Nd5 bxc4 12.Nxf6+ Bxf6 13.Rxc4 e5 14.Bh6 Re8 15.d5 Ne7
16.Rfc1 Nf5 17.e4 Nxh6 18.Qxh6 Rxb2 19.Rxc7 Rxa2 20.Bh3 Bg7 21.Qxg7+ Kxg7
22.Rxd7 Qb6 23.Kh1 Rxf2 24.Bg2 Rxg2 25.Rcc7 Qxc7 26.Rxc7 Rf2 27.Ng5 Rb8 28.Kg1 Ra2
29.Rxf7+ Kh6 30.Ne6 Rb1+ 31.Rf1 Rxf1+ 32.Kxf1 Rxh2 33.Nd8 Kg5 34.Nf7+ Kg4
35.Nxd6 Kxg3 36.Nc4 Rc2 37.Nxe5 Kf4  0-1

[Event "Satka Autumn 2013"]
[Site "Satka RUS"]
[Date "2013.09.03"]
[Round "1"]
[White "Lysenko,Mar"]
[Black "Ubiennykh,E"]
[Result "0-1"]
[WhiteElo "2048"]
[BlackElo "2343"]

1.d4 d6 2.Nf3 Nf6 3.c4 g6 4.g3 Bg7 5.Bg2 O-O 6.O-O Nbd7 7.Qc2 c6 8.Rd1 Qc7
9.Nc3 Re8 10.e4 e5 11.b3 exd4 12.Nxd4 Nc5 13.f3 a5 14.a3 Nfd7 15.Rb1 Nb6
16.a4 Na6 17.Bf4 Be5 18.Qd2 Nc5 19.Nce2 Nbd7 20.Be3 Nf8 21.Nf4 Qe7 22.Nd3 Nxd3
23.Qxd3 f5 24.Re1 fxe4 25.Qxe4 Qf7 26.f4 Bf6 27.Qd3 Ne6 28.Nxe6 Bxe6 29.Bd4 Bf5
30.Be4 Bxe4 31.Rxe4 d5  0-1

[Event "TCh-ROU 2013"]
[Site "Mamaia ROU"]
[Date "2013.09.04"]
[Round "5.5"]
[White "Doncea,V"]
[Black "Dragomirescu,R"]
[Result "1/2-1/2"]
[WhiteElo "2415"]
[BlackElo "2368"]

1.d4 Nf6 2.c4 g6 3.Nf3 Bg7 4.g3 d6 5.Bg2 O-O 6.O-O c6 7.b3 Qa5 8.Qd2 Qa6
9.Bb2 Nbd7 10.Re1 b5 11.e4 bxc4 12.Bf1 d5 13.e5 Ne4 14.Qc1 Qb7 15.bxc4 Nb6
16.c5 Bg4 17.Nh4 Na4 18.Ba3 f6 19.Rxe4 dxe4 20.Qc4+ Kh8 21.Qxa4 fxe5 22.Nd2 e3
23.fxe3 exd4 24.exd4 Qd7 25.Re1 Qxd4+ 26.Qxd4 Bxd4+ 27.Kh1 Bc3 28.Rxe7 Rad8
29.Bc1 Rf2 30.h3 Bd1 31.Bc4 Rdxd2 32.Bxd2 Rxd2 33.Rxa7 Bd4 34.Rd7 Bc2 35.Re7 Bxc5
36.Re8+ Kg7 37.Nf3 Rf2 38.Ng5 Kh6 39.Nf7+ Kg7 40.Ng5 Bd6 41.Re3 Rd2 42.Nf3 Rd1+
43.Kg2 c5 44.Bb3 Bxb3  1/2-1/2

[Event "TCh-ROU 2013"]
[Site "Mamaia ROU"]
[Date "2013.09.05"]
[Round "6.1"]
[White "Cioara,A"]
[Black "Nyzhnyk,I"]
[Result "0-1"]
[WhiteElo "2462"]
[BlackElo "2625"]

1.d4 Nf6 2.c4 g6 3.g3 Bg7 4.Bg2 O-O 5.Nf3 d6 6.O-O Nc6 7.Nc3 Bg4 8.d5 Na5
9.Nd2 c5 10.Rb1 a6 11.b3 Rb8 12.Bb2 b5 13.Ba1 Qc8 14.cxb5 axb5 15.b4 cxb4
16.Rxb4 Bd7 17.Qb1 Nc4 18.Nxc4 bxc4 19.a4 Qc7 20.Rc1 Ng4 21.e3 Bf5 22.Ne4 Rxb4
23.Qxb4 Rb8 24.Qa3 Bxa1 25.Qxa1 Ne5 26.Qc3 Nd3 27.Ra1 Rb3 28.Qd4 Nb4 29.Rc1 Rd3
30.Qxc4 Rd1+ 31.Bf1 Rxc1 32.Qxb4 Bh3 33.Nd2 Qc2 34.Qh4 Bxf1 35.Nxf1 Qd1  0-1

[Event "Satka Autumn 2013"]
[Site "Satka RUS"]
[Date "2013.09.05"]
[Round "3"]
[White "Lysenko,Mar"]
[Black "Vyalykh,Anastasiya"]
[Result "1-0"]
[WhiteElo "2048"]
[BlackElo "1798"]

1.d4 Nf6 2.Nf3 g6 3.c4 Bg7 4.g3 O-O 5.Bg2 d6 6.O-O c6 7.Nc3 Nfd7 8.e4 e5
9.Be3 Nb6 10.b3 f5 11.Qd2 fxe4 12.Nxe4 Bf5 13.Nc3 N8d7 14.Bh6 Bxh6 15.Qxh6 Qf6
16.d5 Rac8 17.Ng5 Qe7 18.h3 Nf6 19.g4 Bd7 20.Nge4 Nxe4 21.Bxe4 Rf4 22.f3 Qg7
23.Qxg7+ Kxg7 24.Rad1 Rf6 25.g5 Rf7 26.dxc6 bxc6 27.Kg2 d5 28.cxd5 cxd5 29.Nxd5 Nxd5
30.Rxd5 Bc6 31.Rxe5 Bxe4 32.Rxe4 Rc5 33.h4 h6 34.f4 hxg5 35.hxg5 Rd7 36.Rfe1 Kf7
37.R1e2 Rcd5 38.Kf3 Rd1 39.Rc4 Rf1+ 40.Kg2 Rfd1 41.Rec2 R7d2+ 42.Kf3 Rd7
43.Rc7 Ke7 44.Rxd7+ Kxd7 45.Ke4 Re1+ 46.Kd5 Rd1+ 47.Ke5 Rf1 48.Rc4  1-0

[Event "Chepukaitis Mem Blitz Final 2013"]
[Site "St Petersburg RUS"]
[Date "2013.09.07"]
[Round "5.1"]
[White "Matlakov,M"]
[Black "Levin,Ev"]
[Result "1-0"]
[WhiteElo "2676"]
[BlackElo "2505"]

1.c4 g6 2.d4 Bg7 3.Nf3 d6 4.g3 Nf6 5.Bg2 O-O 6.O-O Nc6 7.Nc3 Rb8 8.h3 a6
9.e4 e5 10.Be3 exd4 11.Nxd4 Nd7 12.b3 Re8 13.Qd2 Nde5 14.f4 Nxd4 15.Bxd4 c5
16.Bf2 Nc6 17.Rad1 Bd4 18.Ne2 Bxf2+ 19.Rxf2 Qe7 20.Kh2 Rd8 21.f5 b5 22.Nc3 Nd4
23.Nd5 Qe5 24.Qh6 Qg7 25.Qg5 Bb7 26.Ne7+ Kh8 27.f6 Qf8 28.Rfd2 Bc8 29.cxb5 axb5
30.Rxd4 cxd4 31.Rxd4 Bb7 32.h4 Ra8 33.a4 bxa4 34.bxa4 Rab8 35.a5 Ba8 36.a6 Rb2
37.Rd2 h6 38.Qe3 Rxd2 39.Qxd2 Kh7 40.h5 gxh5 41.Qf4 Qe8 42.Bh3 Qf8 43.Bf5+  1-0

[Event "FSGM Sept 2013"]
[Site "Budapest HUN"]
[Date "2013.09.11"]
[Round "4.5"]
[White "Andersen,Mad"]
[Black "Czebe,A"]
[Result "1-0"]
[WhiteElo "2479"]
[BlackElo "2492"]

1.d4 d6 2.Nf3 Nf6 3.c4 g6 4.g3 Bg7 5.Bg2 O-O 6.Nc3 c6 7.O-O Qa5 8.e4 e5 9.h3 Re8
10.d5 cxd5 11.cxd5 b5 12.Re1 Nbd7 13.a3 b4 14.Na4 bxa3 15.Rxa3 Rb8 16.Qc2 Ba6
17.Nc3 Qb6 18.Be3 Qb7 19.Rea1 Bb5 20.Rxa7 Qc8 21.R7a5 Qc7 22.Qb1 Bc4 23.Ra7 Rb7
24.b3 Reb8 25.Nd2 Bxb3 26.Qxb3  1-0

[Event "Lake Sevan 2013"]
[Site "Martuni ARM"]
[Date "2013.09.13"]
[Round "6.2"]
[White "Pashikian,A"]
[Black "Grigoryan,K2"]
[Result "0-1"]
[WhiteElo "2609"]
[BlackElo "2563"]

1.d4 d6 2.Nf3 g6 3.c4 Bg7 4.g3 Nf6 5.Bg2 O-O 6.O-O Nbd7 7.Nc3 e5 8.h3 Re8
9.Be3 exd4 10.Bxd4 c5 11.Bxf6 Nxf6 12.Qb3 Ne4 13.Nd5 Rb8 14.Rfd1 Bd7 15.a4 b6
16.Qc2 Bf5 17.g4 Bd7 18.Nd2 Ng5 19.e3 h5 20.h4 Nh7 21.g5 Bf5 22.Be4 Bc8 23.Bg2 Bg4
24.Re1 a6 25.f4 Nf8 26.Qb3 Bf5 27.Rad1 Ne6 28.Nf1 Bg4 29.Ng3 Nc7 30.Rd2 b5
31.axb5 axb5 32.cxb5 Rxb5 33.Qa4 Rb8 34.Ne4 Nxd5 35.Rxd5 Rb4 36.Qc2 Rxb2
37.Qd3 Qa5 38.Rb1 Be2  0-1

[Event "Dnipropetrovsk A 2013"]
[Site "Dnipropetrovsk UKR"]
[Date "2013.09.15"]
[Round "1.5"]
[White "Tsirulnik,Mari"]
[Black "Fominykh,M"]
[Result "0-1"]
[WhiteElo "2174"]
[BlackElo "2266"]

1.d4 Nf6 2.Nf3 g6 3.c4 Bg7 4.g3 O-O 5.Bg2 d6 6.O-O Nc6 7.Nc3 a6 8.Qd3 Nd7
9.Be3 h6 10.Qd2 Kh7 11.Rac1 e6 12.h3 Rb8 13.b3 Ne7 14.Qd3 Nf5 15.Bd2 e5 16.dxe5 Nxe5
17.Qb1 Nxf3+ 18.Bxf3 Nd4 19.Bg2 b5 20.e3 Bf5 21.e4 Bxh3 22.Qd3 Bd7 23.Be3 Nc6
24.c5 Ne5 25.Qe2 b4 26.Nd5 Bb5 27.Qd2 Bxf1 28.Kxf1 dxc5 29.Bxc5 Re8 30.Bxb4 Rxb4
31.Qxb4 c6 32.Nf4 g5 33.Nh5 Nd3 34.Qc4 Nxc1 35.Qxc1 Qd3+ 36.Kg1 Bd4 37.Qxc6 Qd1+
38.Bf1 Qf3 39.Qc2 Qxh5 40.Qc4 Be5 41.Bh3 Kg7 42.Bf5 Rd8  0-1

[Event "TCh-CRO Ia Liga 2013"]
[Site "Bol CRO"]
[Date "2013.09.17"]
[Round "4.4"]
[White "Hulak,K"]
[Black "Havas,Ja"]
[Result "1-0"]
[WhiteElo "2484"]
[BlackElo "2114"]

1.d4 Nf6 2.c4 g6 3.g3 Bg7 4.Bg2 O-O 5.Nf3 d6 6.O-O Nc6 7.Nc3 Bf5 8.b3 Ne4
9.Nd5 Bd7 10.Bb2 f5 11.e3 e6 12.Nf4 Rb8 13.Qe2 Qe7 14.Rac1 Nd8 15.Nd3 Nf7
16.Rfd1 Nf6 17.Qe1 g5 18.Nd2 e5 19.e4 Rbe8 20.dxe5 dxe5 21.c5 f4 22.Nc4 fxg3
23.hxg3 Ng4 24.f3 Ngh6 25.Ndxe5 Nxe5 26.Bxe5 Qxc5+ 27.Kh2 Bxe5 28.Nxe5 Qxe5
29.Rxd7 Re7 30.Rxe7 Qxe7 31.Qa5 c6 32.Qxa7 Qg7 33.Rd1 Qb2 34.Qe3 Nf7 35.Rd7 Qxa2
36.e5 Qb2 37.e6 Qf6 38.exf7+ Rxf7 39.Rxf7 Kxf7 40.Qd3 Kg8 41.Bf1 Qb2+ 42.Kh3 b5  1-0

[Event "FSIM Sept 2013"]
[Site "Budapest HUN"]
[Date "2013.09.17"]
[Round "12.4"]
[White "Kojima,S"]
[Black "Moeldner,J"]
[Result "1-0"]
[WhiteElo "2357"]
[BlackElo "2273"]

1.Nf3 Nf6 2.c4 g6 3.d4 Bg7 4.g3 O-O 5.Bg2 d6 6.O-O Nbd7 7.Nc3 e5 8.e4 Re8
9.h3 exd4 10.Nxd4 Nc5 11.Re1 a5 12.Ndb5 Bd7 13.Qc2 Bxb5 14.cxb5 Nfd7 15.Be3 c6
16.Rad1 Qc7 17.Kh2 Rad8 18.a3 Nf6 19.f4 Ne6 20.bxc6 bxc6 21.Qf2 Rb8 22.Re2 Rb3
23.Red2 Reb8 24.f5 Nc5 25.e5 Rxc3 26.exd6 Qd7 27.Bxc5 Rcb3 28.Re1 Rxb2 29.Rxb2 Rxb2
30.Qxb2 Ng4+ 31.hxg4 Bxb2 32.Re7  1-0

[Event "XVII Mercosur Cup 2013"]
[Site "Villa Martelli ARG"]
[Date "2013.09.17"]
[Round "3.5"]
[White "Molina,Rob"]
[Black "Valerga,D"]
[Result "1/2-1/2"]
[WhiteElo "2421"]
[BlackElo "2490"]

1.d4 Nf6 2.c4 g6 3.Nf3 Bg7 4.g3 O-O 5.Bg2 d6 6.O-O Nc6 7.Nc3 Bf5 8.d5 Na5
9.Nd4 Bd7 10.b3 c5 11.dxc6 Nxc6 12.Bb2 Qa5 13.e3 Rfc8 14.Qe2 Rab8 15.Rfd1 Bg4
16.f3 Bd7 17.Rac1 a6 18.a3 Qh5 19.b4 Ne5 20.Nb1 d5 21.cxd5 Nxd5 22.Nd2 Bh6
23.Nf1 Ba4 24.Re1 Nc6 25.g4 Qh4 26.f4 Rd8 27.g5 Bf8 28.Nf3 Qg4 29.h3 Qe6
30.Ng3 Nb6 31.Qf2 Bg7 32.Bxg7 Kxg7 33.f5 gxf5 34.Nd4 Nxd4 35.exd4 Qg6 36.Nxf5+ Kh8
37.Nxe7 Qxg5 38.Rc5 Qg7 39.Nf5 Qf6 40.d5 Bd7 41.d6 Be6 42.Re4 Nd7 43.Rf4 Nxc5
44.bxc5 Rd7 45.Nd4 Qg7 46.Kh2 Rg8 47.Rf6 Qg5 48.Nxe6 fxe6 49.Rxe6 Rf7 50.Qd4+ Rfg7
51.Re2 Rf8 52.Qe5 Qxe5+ 53.Rxe5 Rf2 54.Re8+ Rg8 55.Rxg8+ Kxg8 56.Kg3 Rc2
57.Bxb7 Rxc5 58.d7 Rc3+ 59.Kf4 Rd3 60.Bxa6 Rxd7 61.Bb5 Rd1 62.a4 Kg7 63.Ke5 Rh1
64.Bd7 Ra1 65.Kd6 Kf6 66.Kc5 Ke5 67.Kb6 Kd6 68.Bb5 Ra3 69.a5 Rxh3 70.a6 Ra3
71.a7 Rxa7  1/2-1/2

[Event "TCh-CRO 2a Liga 2013"]
[Site "Bol CRO"]
[Date "2013.09.19"]
[Round "6.5"]
[White "Markotic,G"]
[Black "Grgurevic,B"]
[Result "1/2-1/2"]
[WhiteElo "2291"]
[BlackElo "2228"]

1.d4 Nf6 2.c4 g6 3.Nf3 Bg7 4.g3 O-O 5.Bg2 d6 6.O-O Nbd7 7.Nc3 c6 8.h3 e5
9.e4 Qa5 10.Re1 exd4 11.Nxd4 Ne5 12.Bf1 Be6 13.Nxe6 fxe6 14.Kg2 Nf7 15.Rb1 Qc7
16.b4 Rad8 17.Qb3 Nd7 18.Be3 Rc8 19.Red1 a6 20.Rbc1 Qb8 21.Be2 Rfe8 22.f4 Bh6
23.h4 Rcd8 24.Bf3 Nfe5 25.Be2 Nf7 26.g4 e5 27.g5 exf4 28.Bxf4 Bg7 29.Rf1 Be5
30.Be3 Bxc3 31.Qxc3 Nde5 32.h5 Qc7 33.Rh1 Qe7 34.hxg6 Nxg6 35.Bd3 Qe5  1/2-1/2

[Event "Dnipropetrovsk A 2013"]
[Site "Dnipropetrovsk UKR"]
[Date "2013.09.21"]
[Round "8.4"]
[White "Sukhareva,E"]
[Black "Fominykh,M"]
[Result "1/2-1/2"]
[WhiteElo "2215"]
[BlackElo "2266"]

1.d4 Nf6 2.c4 g6 3.Nf3 Bg7 4.g3 O-O 5.Bg2 d6 6.O-O Nbd7 7.Bf4 Nh5 8.Bc1 Nhf6
9.Bf4 Nh5 10.Bc1 Nhf6 11.Bf4 Nh5 12.Bc1  1/2-1/2

[Event "TCh-Moscow GpA 2013"]
[Site "Moscow RUS"]
[Date "2013.09.22"]
[Round "2.4"]
[White "Gansvind,V"]
[Black "Mozharov,M"]
[Result "0-1"]
[WhiteElo "2246"]
[BlackElo "2508"]

1.d4 g6 2.g3 Nf6 3.Bg2 Bg7 4.Nf3 d6 5.c4 O-O 6.Nc3 Nc6 7.O-O Bf5 8.h3 Ne4
9.Be3 Nxc3 10.bxc3 Be4 11.Nd2 Bxg2 12.Kxg2 e5 13.Nb3 a5 14.a4 b6 15.Ra2 Qc8
16.Na1 Qa6 17.Qb3 exd4 18.cxd4 Bxd4 19.Nc2 Bg7 20.Na3 Rfe8 21.Nb5 Qb7 22.Kh2 Re6
23.Bc1 Rae8 24.Qf3 Re4 25.Bf4 Nd4 26.Nxd4 Bxd4 27.Bh6 Qc8 28.e3 Bh8 29.Rc1 Qe6
30.Rac2 Qd7 31.Ra2 Qe6 32.Rac2 Re5 33.h4 Rf5 34.Qg2 Bf6 35.Bf4 Rc5 36.Qh3 Qe4
37.Qg2 Qe7 38.Qh3 Bg7 39.f3 Qf8 40.e4 Bh6 41.Bxh6 Qxh6 42.Qd7 Qf8 43.Rd1 f5
44.exf5 Re7  0-1

[Event "XVII Mercosur Cup 2013"]
[Site "Villa Martelli ARG"]
[Date "2013.09.23"]
[Round "8.5"]
[White "Bachmann,Ax"]
[Black "Pichot,A"]
[Result "1-0"]
[WhiteElo "2543"]
[BlackElo "2412"]

1.d4 Nf6 2.Nf3 g6 3.c4 Bg7 4.g3 d6 5.Bg2 O-O 6.O-O c5 7.Nc3 Nc6 8.d5 Na5
9.Nd2 a6 10.Qc2 Rb8 11.b3 b5 12.Bb2 bxc4 13.bxc4 Bh6 14.f4 e5 15.Nd1 exf4
16.gxf4 Re8 17.e3 Ng4 18.Nb3 Nxb3 19.axb3 Qh4 20.h3 Nf6 21.Qf2 Qxf2+ 22.Rxf2 Ne4
23.Bxe4 Rxe4 24.Ra3 Bf8 25.Kg2 Rb6 26.Bf6 Be7 27.Bxe7 Rxe7 28.Re2 h5 29.Nf2 Reb7
30.e4 Re7 31.Kf3 f6 32.Re3 Kg7 33.h4 Rb8 34.e5 Rb6 35.exd6 Bg4+ 36.Nxg4 hxg4+
37.Kf2 Rxe3 38.Kxe3 Rxd6 39.f5 gxf5 40.Kf4 Kg6 41.Ra1 Rb6 42.h5+ Kh6 43.Kxf5 Rxb3
44.Rd1 Rb8 45.Kxg4 a5 46.Kf5 a4 47.d6 a3 48.d7  1-0